| 000 | 00617nam a22001931c 4500 | ||
|---|---|---|---|
| 001 | a987690808 | ||
| 008 | 180820s2017 gw |||| 000u ger d | ||
| 020 |
_a9783835330849 _9978-3-8353-3084-9 |
||
| 041 | _ager | ||
| 100 | 1 | _aPahlow, Louis | |
| 245 | 0 | 4 |
_aDie Carl-Zeiss-Stiftung in Wiedervereinigung und Globalisierung 1989-2004 / _cLouis Pahlow, André Steiner |
| 264 |
_aGöttingen : _bWallstein Verlag, _c2017 |
||
| 300 | _a542 Seiten | ||
| 610 | 0 | _aCarl-Zeiss-Stiftung (Heidenheim an der Brenz, Jena) | |
| 700 | 1 |
_aSteiner, André _eVerfasserIn |
|
| 942 | _cMG | ||
| 040 | _cRU-10907106 | ||
| 003 | RU-10907106 | ||
| 999 |
_c51673 _d51673 |
||